000 00936nam a2200277Ia 4500
001 Para_860
003 CHAP
008 220125s? xx 000 0 und d
010 _a199658
040 _cCHAP
090 _aPA TESIS 831
100 _aZepeda Montiel, Jose Luis
_9123932
245 _aAnálisis del estudio sobre la regulación del uso y manejo de insumos y servicios "fitosanitarios" en el estado de Tlaxcala /
_c por Jose Luis Zepeda Montiel
260 _aChapingo, Méx. :
_b El autor
300 _a121 h.
502 _aTesis (Ing. Agr. Esp. en Parasitología Agrícola) -- UACh. Depto. Parasitología
650 _aSanidad Vegetal
_x Leyes
_9102230
710 _aUACh. Departamento Parasitología Agrícola
_9164025
901 _aPA TESIS 831
902 _aA
905 _a000000? 0000000000 00
910 _a?
942 _cPARA
942 _cPARA
_d1
999 _c199658
_d199658